| 000 | 00000nam 2200000za 4500 |
| 001 | 9.802740 |
| 003 | CaOODSP |
| 005 | 20221107135043 |
| 007 | cr ||||||||||| |
| 008 | 150826q2015 oncd #o f000 0 eng d |
| 040 | |aCaOODSP|beng |
| 043 | |an-cn--- |
| 086 | 1 |aR5-74/2015E-PDF |
| 245 | 00|a2012 Aboriginal Peoples Survey |h[electronic resource] : |bgender differences in off-reserve First Nations education and employment. |
| 260 | |a[Ottawa] : |bStrategic Research, Aboriginal Affairs and Northern Development Canada, |c[2015?]. |
| 300 | |a[4] p. : |bcol. ill. |
| 500 | |aIssued also in French under title: Enquête auprès des peuples autochtones de 2012 : différences entre les sexes au niveau de la scolarité et de l'emploi chez les Premières nations vivant hors réserve. |
| 692 | 07|2gccst|aAboriginal peoples |
| 692 | 07|2gccst|aEducation |
| 692 | 07|2gccst|aEmployment |
| 710 | 1 |aCanada.|bAboriginal Affairs and Northern Development Canada. |bStrategic Research Directorate. |
| 775 | 08|tEnquête auprès des peuples autochtones de 2012 |w(CaOODSP)9.802741 |
| 856 | 40|qPDF|s421 KB|uhttps://publications.gc.ca/collections/collection_2015/aadnc-aandc/R5-74-2015-eng.pdf |